| 000 | 00627nam a22001695i 4500 | ||
|---|---|---|---|
| 001 | 152709 | ||
| 003 | ES-MaACL | ||
| 005 | 20230911063143.0 | ||
| 008 | 980227s1837 sp |||| | spa d | ||
| 040 |
_aLR _bspa _cLR |
||
| 100 | 1 |
_aBretón de los Herreros, Manuel, _d1796-1873 _931637 |
|
| 245 | 1 | 0 |
_aDon Fernando el Emplazado _b: drama histórico en cinco actos / _cpor Manuel Bretón de los Herreros. |
| 260 |
_aMadrid : _b[s.n.], _c1837 ( _fImprenta de José María Repullés) |
||
| 300 |
_a96 p. ; _c18 cm. |
||
| 852 |
_aES-MaACL _jF-8822(2) _z-- Enc. hol., falto de la cub. original |
||
| 999 |
_c152709 _d152709 |
||